Historia por Letra - A - Estadísticas

Estadísticas generales
  • Esta prueba ha sido intentada 11.132 veces
    11.117 desde el último reinicio
  • La puntuación promedio es 10 de 20
Estadísticas de respuestas
Pista Respuesta % Correcto
Conquistador “magno” de Persia Alejandro
90%
El primer hombre en la Luna Neil Armstrong
89%
El filósofo que le enseñó Aristóteles
88%
El lado ganador de la Segunda Guerra Mundial Aliados
81%
La civilización cuya capital fue Tenochtitlan Azteca
78%
El país que se unió a Castilla Aragón
77%
La tribu que dio su nombre a Inglaterra Anglos
52%
El sistema de segregación contra el que luchó Nelson Mandela Apartheid
52%
País que fue invadido por la URSS en 1979 Afganistán
49%
Huno que fue llamado "El azote de Dios" Atila
49%
El inventor griego que gritó "¡Eureka!" Arquímedes
48%
El emperador romano que nació como Gaius Octavius Augusto
44%
Segundo presidente de los Estados Unidos John Adams
31%
Capital del Imperio Mughal y sitio del Taj Mahal Agra
22%
Padre fundador de la Turquía moderna Mustafa Kemal Atatürk
22%
Santo autor de "Confesiones" Agustín de Hipona
21%
Capital del Imperio Jemer, famosa por su “Wat” Angkor
21%
Nombre anterior de Etiopía Abisinia
20%
El imperio mesopotámico del 2500 a.C. hasta el 605 a.C. Asiria
19%
La primera persona en llegar al Polo Sur Roald Amundsen
16%
No se encontraron pruebas coincidentes
Distribución de puntuación
Porcentaje de gente con cada puntuación
Porcentaje por número respondido
Historial de tus puntuaciones
No has intentado esta prueba desde el último reinicio